000 00323nam a2200157Ia 4500
100 _aMallick/Abhijit
650 _aChemistry
942 _cBK
366 _f20
245 _aChemistry for engineers
260 _bViva Books
_c2012
082 _a540
_bMAL
300 _a780
546 _aENGLISH
_cComputers
999 _c24768
_d24768